000 00921nam a2200277 u 4500
001 66888
005 20180714074834.0
008 170316s2013 mx a r 000 0 spa d
020 _a9786070247996
041 0 _aspa
082 0 _a070.18
_bNIC
100 1 _aNichols, Bill,
_eautor
245 1 0 _aIntroducción al documental /
_cBill Nichols ; traducción Miguel Bustos García.
250 _aPrimera edición
264 1 _aMéxico :
_bUniversidad Nacional Autónoma de México,
_c2013
300 _a367 páginas :
_bilustraciones ;
_c23 cm.
336 _atexto
_2rdacontent
337 _asin mediación
_2rdamedia
338 _avolumen
_2rdacarrier
490 0 _aColección Miradas en la oscuridad
500 _aSegunda edición del autor
650 4 _aDocumentales
650 4 _aHistoria y crítica
700 1 _aBustos García, Miguel,
_etraductor
740 0 _aIntroduction to documentary
999 _c66888
_d66888